| 000 | 01368nam0a22002891 4500 | ||
|---|---|---|---|
| 001 | rc\2908697 | ||
| 005 | 20250529222019.0 | ||
| 035 | _a(NLR Aleph) 007059552 | ||
| 090 |
_a6271350 _c6271350 |
||
| 100 | _a20110805d1933 |||y0rusy50 ca | ||
| 101 | 0 | _arus | |
| 102 | _aRU | ||
| 105 | _aa j ||||| | ||
| 200 | 1 |
_aНачальные сведения по геометрии _eУчебник для средней школы _e5 год обучения _fЮ.О. Гурвиц и Р.В. Гангнус _gОтв. ред. С. Калецкий |
|
| 210 |
_aХарьков _aКиев _cДВОУ, "Радянська школа" _d1933 |
||
| 215 |
_aПер., 64 с. _cил. _d20 см _e[1] отд. л. ил. |
||
| 300 | _aДоб.: Материал для практ. работ | ||
| 300 | _a"Утверждено Коллегией Наркомпроса РСФСР" | ||
| 300 | _a"По постановлению Коллегии НКП УССР печатано Изд-вом "Рад. школа" с матриц Учпедгиза без измен. и доп." | ||
| 700 | 1 |
_aГурвиц _bЮ.О. _f1882-1953 _gЮлий Осипович |
|
| 701 | 1 |
_aГангнус _bР.В. _gРоберт Вильгельмович |
|
| 702 | 1 |
_aКалецкий _bС. _4340 |
|
| 801 | 0 |
_aRU _bNLR _gpsbo |
|
| 801 | 1 |
_aRU _bELAR _2rusmarc |
|
| 852 |
_aNLR _j34-10/637 |
||
| 942 | _cBOOK | ||
| 980 | _aNB | ||